| 000 | 01130cam a22001934a 4500 | ||
|---|---|---|---|
| 005 | 20250605164028.0 | ||
| 008 | 250528s ||||||||||||||||||||||||d | ||
| 035 | _a16533 | ||
| 040 |
_aGR-AtMCL _bgre _dGR-AtMCL _eAACR2 |
||
| 245 | 1 | _aΕργατικό Δίκαιο / B' Εκδοση | |
| 250 | _a2η | ||
| 260 |
_bΑθήνα, _c1991 |
||
| 300 | _a232 | ||
| 520 | _aΕισαγωγή, Η Ατομική Σύμβαση Εργασίας, Η Σύμβαση Εργασίας, Η Σύναψη της Σύμβασης Εργασίας, Χρονικά Όρια Εργασίας, Η Αμοιβή της Εργασίας, Η Προστασία της Εργασίας, Λύση της Σύμβασης Εργασίας, Συλλογικό Εργατικό Δίκαιο, Το Νομικό Πλαίσιο της Επιχείρησης, Ελεύθερες Συλλογικές Διαπραγματεύσεις, Συνδικαλιστική Δράση, Απεργία, Βασική Βιβλιογραφία. | ||
| 700 | 1 |
_aΠουλακου-Ευθυμιατου Αντωνια _92632 |
|
| 942 | _cBK | ||
| 999 |
_c2026 _d2026 |
||